000 00295nam a2200121Ia 4500
008 190722s9999 xx 000 0 und d
020 _a978-81-313-0880-6
100 _aS.N.Mahindru
245 0 _aEncyclopaedia Food Analysis
260 _aNew Delhi
_bA.P.H.
_c2010
300 _a549
942 _cBK
999 _c1088
_d1088